[Event "Agarr's SC Free for All 3"]
[Site "SchemingMind.com"]
[Date "2006.08.04"]
[Round "-"]
[White "willygor"]
[Black "JohnRees"]
[Result "1-0"]
[WhiteCountry "ARG"]
[BlackCountry "WLS"]
[WhiteElo "1712"]
[WhiteRD "66"]
[BlackElo "1347"]
[BlackRD "93"]
[GameID "62434"]

1. e4 Nf6 2. e5 Nd5 3. d4 Nc6 4. c4 Ndb4 5. a3 Na6 6. b4 d5 7. b5 Nxe5 8. dxe5 dxc4 9. Qxd8+ Kxd8 10. bxa6 bxa6
11. Bxc4 e6 12. Bg5+ f6 13. exf6 gxf6 14. Bxf6+ Ke8 15. Bxh8 Rb8 16. Nf3 Bc5 17. O-O Bb7 18. Nbd2 Ke7 19. Bd4 Bxd4 20. Nxd4 Rg8
21. Bxe6 Rxg2+ 22. Kh1 c5 23. N4f3 Rg6 24. Rfe1 c4 25. Bc8+ Kd8 26. Bxb7 c3 27. Nc4 Rg7 28. Bxa6
1-0

[Event "Agarr's SC Free for All 3"]
[Site "SchemingMind.com"]
[Date "2006.08.05"]
[Round "-"]
[White "e_castle3"]
[Black "willygor"]
[Result "1-0"]
[WhiteCountry "PHI"]
[BlackCountry "ARG"]
[WhiteElo "1830"]
[WhiteRD "65"]
[BlackElo "1696"]
[BlackRD "71"]
[GameID "62435"]

1. e4 c5 2. Nf3 Nc6 3. Bc4 e6 4. O-O Be7 5. Re1 d5 6. exd5 exd5 7. Bf1 Bg4 8. h3 Bh5 9. g4 Bg6 10. d3 Nf6
11. Bf4 O-O 12. Nbd2 Bd6 13. Bxd6 Qxd6 14. Nb3 b6 15. Bg2 Rfe8 16. Qd2 Rad8 17. Rad1 Re6 18. Ng5 Rxe1+ 19. Rxe1 h6= 20. Nf3 Re8
21. Rxe8+ Nxe8 22. Qe3 Qe6 23. Nbd2 Nc7 24. a3 Ne7 25. Ne5 Bh7 26. Qf4 Ng6 27. Nxg6 Ne8 28. Ne5 g5 29. Qe3 d4 30. Qe1 f6
31. Nef3 Kf7 32. Qxe6+ Kxe6 33. Kf1 Nc7 34. Ke2 Nd5 35. Bf1 f5 36. gxf5+ Bxf5 37. Ng1 h5 38. Ne4 g4 39. hxg4 hxg4 40. Kd2 Kd7
41. Ne2 Kc6 42. Bg2 Kc7 43. N4g3 Be6 44. Bxd5 Bxd5 45. c3 dxc3+ 46. bxc3 b5 47. Ke3 a5 48. Ne4 b4 49. Nxc5 bxa3 50. c4 Bf3
51. Nc3 Kc6 52. Kd4 Kb6 53. N5a4+ Kc6 54. Ke5 Bd1 55. d4 Bxa4 56. d5+ Kd7 57. Nxa4 a2 58. Nc5+ Kd8 59. Nb3 Kd7 60. c5 a4
61. Na1 Kc7 62. Kf4
1-0

[Event "Agarr's SC Free for All 3"]
[Site "SchemingMind.com"]
[Date "2006.08.09"]
[Round "-"]
[White "banong"]
[Black "willygor"]
[Result "0-1"]
[WhiteCountry "PHI"]
[BlackCountry "ARG"]
[WhiteElo "1672"]
[WhiteRD "65"]
[BlackElo "1713"]
[BlackRD "65"]
[GameID "62436"]

1. e4 e5 2. Nf3 Nc6 3. Nc3 Nf6 4. d3 Bc5 5. Be2 d6 6. Bg5 h6 7. Bh4 g5 8. Bg3 Nh5 9. O-O Nxg3 10. hxg3 Bg4
11. Nd5 O-O 12. Nh2 Bxe2 13. Qxe2 Nd4 14. Qd2 c6 15. Nf6+ Qxf6 16. c3 Ne6 17. Ng4 Qg6 18. Qe2 f5 19. exf5 Rxf5 20. Qe4 Raf8
21. Ne3 Bxe3 22. Qxe3 a6 23. g4 R5f6 24. Rae1 Nf4 25. g3 Nh3+ 26. Kg2 Nxf2 27. Rxf2 Rxf2+ 28. Qxf2 Rxf2+ 29. Kxf2 Qxd3 30. Re3 Qc4
31. b3 Qxg4
0-1

[Event "Agarr's SC Free for All 3"]
[Site "SchemingMind.com"]
[Date "2006.08.06"]
[Round "-"]
[White "agarr"]
[Black "willygor"]
[Result "0-1"]
[WhiteCountry "RUS"]
[BlackCountry "ARG"]
[WhiteElo "1686"]
[WhiteRD "67"]
[BlackElo "1713"]
[BlackRD "65"]
[GameID "62437"]

1. e4 c5 2. Bc4 e6 3. Nc3 d6 4. Nf3 Be7 5. O-O Nc6 6. a3 Nf6 7. d3 h6 8. Re1 e5 9. Nd5 Bg4 10. Be3 O-O
11. Nxf6+ Bxf6 12. Kh1 Qd7 13. h3 Be6 14. Bd5 Nd4 15. c4 Bxh3 16. Bxd4 Bxg2+ 17. Kxg2 Qg4+ 18. Kh1 exd4 19. Nh2 Qh4 20. Qf3 Be5
21. Qg2 Rab8 22. Rg1 Kh8 23. f4 Qxf4 24. Raf1 Qxh2+ 25. Qxh2 Bxh2 26. Kxh2 f6 27. Rg6 b5 28. b3 bxc4 29. Bxc4 a5 30. a4 Rb7
31. Kh3 Re8 32. Bd5 Ra7 33. Kh4 Kh7 34. Kh5 Re5+ 35. Rf5 Rae7 36. Rg3 Rxf5+ 37. exf5 Re3 38. Rf3 Re1 39. Rf4 Re3 40. Be4 Rh3+=
41. Kg4 Rh2 42. Rf3 Re2 43. Kf4 h5 44. Rg3 Kh6 45. Rg6+ Kh7 46. Bf3 Re3 47. Be4 d5 48. Bxd5 Rxd3 49. Bc4 Rh3 50. Ke4 h4
51. Kd5 Rg3 52. Ke4 Rxg6 53. fxg6+ Kxg6 54. Kf4 Kh5 55. Be2+= Kh6 56. Kg4 g5 57. Bd3 Kg7 58. Kf5 h3 59. Bf1 h2
0-1

[Event "Agarr's SC Free for All 3"]
[Site "SchemingMind.com"]
[Date "2006.08.05"]
[Round "-"]
[White "clockwork"]
[Black "willygor"]
[Result "0-1"]
[WhiteCountry "CAN"]
[BlackCountry "ARG"]
[WhiteElo "1329"]
[WhiteRD "75"]
[BlackElo "1712"]
[BlackRD "66"]
[GameID "62438"]

1. f4 Nf6 2. Nc3 d5 3. d4 e6 4. e3 Bb4 5. Bd2 Nc6 6. Bb5 Bd7 7. Nf3 a6 8. Bd3 Be7 9. O-O Nb4 10. a3 Nxd3
11. cxd3 c5 12. Ne5 cxd4 13. exd4 O-O 14. Ng4 Nxg4 15. Qxg4 Qb6 16. b4 Qxd4+ 17. Kh1 Qxd3 18. Rad1 Qc2 19. Rf3 d4 20. Rg3 g6
21. f5 dxc3 22. Rxc3 Qxf5 23. Qd4 Rfd8 24. Rf3 Qxf3 25. gxf3 Ba4 26. Qg1 Bxd1 27. Qxd1 Bg5 28. Qc2 Bxd2 29. Kg2 Rd7 30. Qa4 Rad8
31. Qb3 Bf4 32. Qc4 e5 33. Kh3 Rd2 34. Qc7 Rxh2+ 35. Kg4 h5#
0-1

[Event "Agarr's SC Free for All 3"]
[Site "SchemingMind.com"]
[Date "2006.08.05"]
[Round "-"]
[White "MatdeInverses"]
[Black "willygor"]
[Result "0-1"]
[WhiteCountry "USA"]
[BlackCountry "ARG"]
[WhiteElo "1871"]
[WhiteRD "53"]
[BlackElo "1713"]
[BlackRD "65"]
[GameID "62439"]

1. e4 c5 2. c3 Nc6 3. d4 cxd4 4. cxd4 d5 5. exd5 Qxd5 6. Nf3 Bg4 7. Nc3 Bxf3 8. gxf3 Qxd4 9. Qxd4 Nxd4 10. Nb5 Nc2+
11. Kd1 Nxa1 12. Nc7+ Kd8 13. Nxa8 e5 14. Be3 b6 15. Ba6 Nf6
0-1

[Event "Agarr's SC Free for All 3"]
[Site "SchemingMind.com"]
[Date "2006.08.05"]
[Round "-"]
[White "Dane"]
[Black "willygor"]
[Result "1-0"]
[WhiteCountry "CRO"]
[BlackCountry "ARG"]
[WhiteElo "1501"]
[WhiteRD "84"]
[BlackElo "1713"]
[BlackRD "65"]
[GameID "62440"]

1. e4 c5 2. Nf3 Nc6 3. d4 cxd4 4. Nxd4 e5 5. Nxc6 bxc6 6. Bc4 Nf6 7. Bg5 Be7 8. Bxf6 Bxf6 9. O-O O-O 10. Qf3 Bb7
11. c3 d5 12. exd5 cxd5 13. Bb3 Qd7 14. Na3 Rad8 15. Rad1 Qc6 16. Qg3 Rd6 17. c4 d4 18. Nb5 Rd7 19. Nxa7 Qc5 20. Nb5 Rfd8
21. Rd3 e4 22. Rdd1 d3 23. Nc3 Bxc3 24. bxc3 Ba6 25. Qf4 Re7 26. Rfe1 f5 27. Qg5 Bb7 28. Bc2 Red7 29. Bb1 Ba6 30. Rxe4 h6
31. Qh5 Bb7 32. Re3 Be4 33. Rxe4 Qf8 34. Rd4 d2 35. Qe2 Rxd4 36. cxd4 Qb4 37. Qxd2 Qxc4 38. Bxf5 Qd5 39. Bg4 Rd6 40. Bf3 Qb5
41. d5 Qb6 42. Bg4 Kf7 43. Be6+ Ke7 44. Qf4 Rxd5 45. Qf7+
1-0

[Event "Agarr's SC Free for All 3"]
[Site "SchemingMind.com"]
[Date "2006.08.04"]
[Round "-"]
[White "No Limit"]
[Black "willygor"]
[Result "0-1"]
[WhiteCountry "USA"]
[BlackCountry "ARG"]
[WhiteElo "1287"]
[WhiteRD "84"]
[BlackElo "1713"]
[BlackRD "65"]
[GameID "62441"]

1. e4 Nc6 2. d4 d5 3. e5 e6 4. c3 Nce7 5. Nf3 Ng6 6. Bd3 c5 7. Bxg6 hxg6 8. O-O Nh6 9. h3 Be7 10. b3 Bd7
11. Nbd2 O-O 12. c4 Bc6 13. cxd5 Bxd5 14. Nc4 cxd4 15. Nxd4 Bc5 16. Ne2 Qc7 17. Nf4 Bxc4 18. bxc4 Rad8 19. Qe2 Nf5 20. Kh2 Rd7
0-1

[Event "Agarr's SC Free for All 3"]
[Site "SchemingMind.com"]
[Date "2006.08.04"]
[Round "-"]
[White "JohnRees"]
[Black "willygor"]
[Result "0-1"]
[WhiteCountry "WLS"]
[BlackCountry "ARG"]
[WhiteElo "1347"]
[WhiteRD "93"]
[BlackElo "1712"]
[BlackRD "66"]
[GameID "62442"]

1. e4 Nc6 2. Nc3 e5 3. Nf3 Nf6 4. d4 exd4 5. Nxd4 d6 6. Bb5 Bd7 7. O-O Be7 8. b3 a6 9. Bc4 Ne5 10. Nf5 Bxf5
11. exf5 Nxc4 12. bxc4 O-O 13. Rb1 Qc8 14. Re1 Qd7 15. Rxb7 Rfb8 16. Qf3 Kf8 17. Rd1 Qc8 18. Rxb8 Rxb8 19. Bf4 Qxf5 20. Nd5 Nxd5
21. Rxd5 Rb1+ 22. Rd1 Rxd1+ 23. Qxd1 Qxf4 24. Qe2 Qe5 25. Qf3 Qa1+
0-1

[Event "Agarr's SC Free for All 3"]
[Site "SchemingMind.com"]
[Date "2006.08.04"]
[Round "-"]
[White "Estebandido"]
[Black "willygor"]
[Result "1-0"]
[WhiteCountry "CHI"]
[BlackCountry "ARG"]
[WhiteElo "1942"]
[WhiteRD "103"]
[BlackElo "1713"]
[BlackRD "65"]
[GameID "62457"]

1. e4 c5 2. Nc3 Nc6 3. Nf3 d6 4. Be2 g6 5. d4 cxd4 6. Nxd4 Bg7 7. Be3 e6 8. O-O Nge7 9. Ncb5 a6 10. Nxc6 Nxc6
11. Nxd6+ Ke7 12. Bc5 Kf6 13. Bxa6 Bf8 14. Qf3+ Kg7 15. Qxf7+ Kh6 16. Be3+ g5 17. f4 Be7 18. fxg5+ Bxg5 19. Rf6+ Qxf6 20. Qxf6+
1-0

[Event "Agarr's SC Free for All 3"]
[Site "SchemingMind.com"]
[Date "2006.08.04"]
[Round "-"]
[White "Estebandido"]
[Black "e_castle3"]
[Result "0-1"]
[WhiteCountry "CHI"]
[BlackCountry "PHI"]
[WhiteElo "1907"]
[WhiteRD "100"]
[BlackElo "1814"]
[BlackRD "66"]
[GameID "62458"]

1. e4 Nf6 2. Nc3 Nc6 3. Nf3 d6 4. Bc4 Bg4 5. O-O e6 6. h3 Bh5 7. d4 Bxf3 8. Qxf3 Nxd4 9. Qd3 e5 10. Bg5 Be7
11. Rad1 O-O 12. Nd5 Nxd5 13. Bxd5 Bxg5 14. Bxb7 Rb8 15. Qa6 Nxc2 16. Qxa7 Nd4 17. b3 Qd7 18. Qa6 c6 19. Rxd4 exd4 20. Bxc6 Qc7
21. Bd5 Kh8 22. f4 Be7 23. Qd3 Qc5 24. Rd1 Bd8 25. g4 Bb6 26. a4 Qc3 27. Kg2 Qxd3 28. Rxd3 Bc5 29. a5 Rbc8 30. a6 Rc7
31. b4 Ba7 32. Kf3 Rc3 33. Ke2 Rxd3 34. Kxd3 f6 35. h4 Rc8 36. Bc4 g6 37. h5 Kg7 38. hxg6 hxg6 39. g5 Rh8 40. Be6 fxg5
41. f5 Kf6 42. Bd7 gxf5 43. exf5 Rh3+ 44. Ke2 Rb3 45. b5 g4 46. Kf2 d3+ 47. Ke1 g3
0-1

[Event "Agarr's SC Free for All 3"]
[Site "SchemingMind.com"]
[Date "2006.08.04"]
[Round "-"]
[White "Estebandido"]
[Black "banong"]
[Result "1-0"]
[WhiteCountry "CHI"]
[BlackCountry "PHI"]
[WhiteElo "1816"]
[WhiteRD "113"]
[BlackElo "1632"]
[BlackRD "64"]
[GameID "62459"]

1. e4 e5 2. Nc3 Nf6 3. Nf3 Nc6 4. d4 exd4 5. Nxd4 Bb4 6. Qd3 O-O 7. Bf4 d6 8. O-O-O a5 9. Nd5 Nxd4 10. Qxd4 Bc5
11. Nxf6+ gxf6 12. Qd2 Bg4 13. f3 Bh5 14. Bb5 c6 15. Bc4 b5 16. Be2 b4 17. Bxd6 Bxd6 18. Qxd6 Qxd6 19. Rxd6 Rfc8 20. g4 Bg6
21. h4 h6 22. h5 Bh7 23. Rxf6 c5 24. Rxh6 c4 25. c3 bxc3 26. bxc3 a4 27. Rb6 Ra7 28. Rd1 a3 29. h6 Ra5 30. Rc6 Rb8
31. Bxc4 Bg6 32. Rxg6+
1-0

[Event "Agarr's SC Free for All 3"]
[Site "SchemingMind.com"]
[Date "2006.08.04"]
[Round "-"]
[White "Estebandido"]
[Black "agarr"]
[Result "0-1"]
[WhiteCountry "CHI"]
[BlackCountry "RUS"]
[WhiteElo "1816"]
[WhiteRD "113"]
[BlackElo "1697"]
[BlackRD "67"]
[GameID "62460"]

1. e4 e5 2. Nc3 Bb4 3. Nf3 Nc6 4. Bc4 Nf6 5. O-O O-O 6. Nd5 d6 7. c3 Ba5 8. d4 Bg4 9. Re1 exd4 10. Bg5 Ne5
11. Be2 dxc3 12. Bxf6 gxf6 13. Nxc3 Re8 14. h3 Bxc3 15. bxc3 Bh5 16. Nxe5 Bxe2 17. Qxe2 fxe5 18. Qg4+ Kh8 19. Rab1 b6 20. Re3 Rg8
21. Qf5 Qg5 22. Qxg5 Rxg5 23. Rb3 f5 24. exf5 Rxf5 25. g4 Rf4 26. Kg2 Rg8 27. Rg3 Rgf8 28. Rb2 d5 29. g5 c5 30. Rd2 d4
31. g6 Rg8 32. gxh7 Kxh7 33. cxd4 exd4 34. Rxg8 Kxg8 35. Kg3 Re4 36. Kf3 Re1 37. Kf4 Ra1 38. Kf5 d3 39. Rxd3 Rxa2 40. f4 c4
41. Rd1 c3 42. Kg6 Rd2 43. Re1 Kf8 44. f5 Rg2+ 45. Kf6 c2 46. h4 b5 47. h5 Rh2 48. Kg6 b4 49. f6 b3 50. f7 Rg2+
51. Kf6 Rf2+ 52. Kg6 Rxf7 53. h6 Rf2 54. h7 Rh2 55. Rf1+ Ke8 56. Kg7 Rxh7+ 57. Kxh7 b2 58. Re1+ Kd8 59. Rg1 b1=Q
0-1

[Event "Agarr's SC Free for All 3"]
[Site "SchemingMind.com"]
[Date "2006.08.04"]
[Round "-"]
[White "Estebandido"]
[Black "clockwork"]
[Result "1-0"]
[WhiteCountry "CHI"]
[BlackCountry "CAN"]
[WhiteElo "1816"]
[WhiteRD "113"]
[BlackElo "1329"]
[BlackRD "75"]
[GameID "62461"]

1. e4 e5 2. Nf3 Nf6 3. Nc3 Nc6 4. Bb5 Bb4 5. O-O O-O 6. d3 d6 7. Bg5 h6 8. Bh4 Bd7 9. Bxc6 Bxc6 10. Qd2 Qe7
11. a3 Bxc3 12. Qxc3 Qe6 13. h3 Nh5 14. Rfe1 Qg6 15. Re3 Nf4 16. Bg3 Bd7 17. Nh4 Qg5 18. Qxc7 Bxh3 19. gxh3 Nxh3+ 20. Kh2 Nxf2
21. Bxf2 Qf4+ 22. Kg1 Rac8 23. Qxb7 Rxc2 24. Nf3 Qg4+ 25. Kf1 Qh3+ 26. Ke1 Qh1+ 27. Ng1 Qg2 28. Re2 Rc5 29. Bxc5 Qg3+ 30. Bf2 Qxd3
31. Rd1 Qc4 32. Qxa7 Rd8 33. Bc5 d5 34. Qc7 Re8 35. exd5 Qh4+ 36. Bf2 Qh2 37. d6 e4 38. d7 Qxc7 39. dxe8=Q+ Kh7 40. Qxe4+ g6
41. Qe7 Qa5+ 42. Rdd2 Qf5 43. Re5 Qb1+ 44. Ke2 Qa2 45. Red5 Qc4+ 46. R5d3 Qg4+ 47. Nf3 Kg7 48. Bd4+ Kh7 49. Qxf7#
1-0

[Event "Agarr's SC Free for All 3"]
[Site "SchemingMind.com"]
[Date "2006.08.04"]
[Round "-"]
[White "Estebandido"]
[Black "MatdeInverses"]
[Result "1-0"]
[WhiteCountry "CHI"]
[BlackCountry "USA"]
[WhiteElo "1942"]
[WhiteRD "103"]
[BlackElo "1871"]
[BlackRD "53"]
[GameID "62462"]

1. e4 c6 2. c4 d5 3. exd5 cxd5 4. d4 Nf6 5. Nc3 g6 6. Qb3 Bg7 7. cxd5 O-O 8. Nf3 Nbd7 9. Bd3 Nb6 10. Bg5 Nbxd5
11. O-O b6 12. Ne5 Bb7 13. Rac1 Nxc3 14. bxc3 Qd5 15. f3 Rac8 16. Bc4 Rxc4 17. Qxc4 Qxc4 18. Nxc4 Ba6 19. Ne3 Bxf1 20. Kxf1 Rc8
21. Ke2 h6 22. Bxf6 Bxf6 23. Kd3
1-0

[Event "Agarr's SC Free for All 3"]
[Site "SchemingMind.com"]
[Date "2006.08.04"]
[Round "-"]
[White "Estebandido"]
[Black "Dane"]
[Result "1-0"]
[WhiteCountry "CHI"]
[BlackCountry "CRO"]
[WhiteElo "1816"]
[WhiteRD "113"]
[BlackElo "1474"]
[BlackRD "79"]
[GameID "62463"]

1. e4 e5 2. Nf3 Nc6 3. Nc3 Be7 4. d4 exd4 5. Nxd4 Nxd4 6. Qxd4 Nf6 7. e5 c5 8. Qf4 Nh5 9. Qf3 g6 10. Bc4 O-O
11. Bh6 Ng7 12. O-O-O Bg5+ 13. Bxg5 Qxg5+ 14. Qe3 Qe7 15. Nd5 Qd8 16. Nf6+ Kh8 17. Qh6
1-0

[Event "Agarr's SC Free for All 3"]
[Site "SchemingMind.com"]
[Date "2006.08.04"]
[Round "-"]
[White "Estebandido"]
[Black "No Limit"]
[Result "1-0"]
[WhiteCountry "CHI"]
[BlackCountry "USA"]
[WhiteElo "1945"]
[WhiteRD "107"]
[BlackElo "1268"]
[BlackRD "86"]
[GameID "62464"]

1. e4 c5 2. Nf3 e6 3. d4 cxd4 4. Nxd4 Nf6 5. Nc3 e5 6. Nb3 Bb4 7. Bd2 d6 8. Bd3 O-O 9. Nd5 Bxd2+ 10. Qxd2 Be6
11. Nxf6+ Qxf6 12. O-O Qg6 13. f4 exf4 14. e5 Bf5 15. Bxf5 Qxf5 16. exd6 Rd8 17. Rxf4 Qe5 18. Re1 Qb5 19. Re7 Qb6+ 20. Qd4 Nc6
21. Qxb6 axb6 22. Rxb7 Rxd6 23. Rxb6 Rc8 24. Rc4
1-0

[Event "Agarr's SC Free for All 3"]
[Site "SchemingMind.com"]
[Date "2006.08.04"]
[Round "-"]
[White "Estebandido"]
[Black "JohnRees"]
[Result "1-0"]
[WhiteCountry "CHI"]
[BlackCountry "WLS"]
[WhiteElo "1816"]
[WhiteRD "113"]
[BlackElo "1347"]
[BlackRD "93"]
[GameID "62465"]

1. e4 Nf6 2. Nc3 e5 3. Nf3 c6 4. Nxe5 d5 5. exd5 cxd5 6. d4 Qa5 7. Bd2 Qb4 8. Nxd5 Qd6 9. Bb5+ Nbd7 10. Qe2 Qxd5
11. Nxd7+ Be7 12. Nxf6+ Kd8 13. Nxd5 Bd7 14. Qxe7+ Kc8 15. Qxd7+ Kb8 16. Bf4#
1-0

[Event "Agarr's SC Free for All 3"]
[Site "SchemingMind.com"]
[Date "2006.08.05"]
[Round "-"]
[White "willygor"]
[Black "Estebandido"]
[Result "0-1"]
[WhiteCountry "ARG"]
[BlackCountry "CHI"]
[WhiteElo "1713"]
[WhiteRD "65"]
[BlackElo "1942"]
[BlackRD "103"]
[GameID "62466"]

1. e4 c5 2. Nf3 d6 3. Bb5+ Bd7 4. Bxd7+ Nxd7 5. Nc3 Ngf6 6. d3 g6 7. Rb1 Bg7 8. h3 O-O 9. O-O Rc8 10. Nh2 Ne5
11. f4 Nc6 12. Qf3 Nd4 13. Qf2 b5 14. Be3 Nc6 15. g4 e6 16. f5 b4 17. Nd1 exf5 18. exf5 Ne5 19. g5 Nd5 20. f6 Bh8
21. Bf4 Re8 22. Ne3 Nxe3 23. Qxe3 Nc6 24. Qg3 Nd4 25. Rf2 Ne2+ 26. Rxe2 Rxe2 27. Ng4 Re6 28. Re1 Rxe1+ 29. Qxe1 Kf8 30. Qe4 h5
31. Nh6 Bxf6 32. Qd5 Bd4+ 33. Kg2 Qe8 34. Bxd6+ Kg7 35. Qf3 Bxb2 36. h4 Qe6 37. Qf4 Qd5+
0-1

[Event "Agarr's SC Free for All 3"]
[Site "SchemingMind.com"]
[Date "2006.08.05"]
[Round "-"]
[White "e_castle3"]
[Black "Estebandido"]
[Result "0-1"]
[WhiteCountry "PHI"]
[BlackCountry "CHI"]
[WhiteElo "1814"]
[WhiteRD "66"]
[BlackElo "1907"]
[BlackRD "100"]
[GameID "62467"]

1. e4 c5 2. Nf3 Nc6 3. Bc4 e6 4. O-O Nf6 5. Re1 d5 6. exd5 Nxd5 7. Nc3 Be7 8. Nxd5 exd5 9. Bf1 O-O 10. d4 c4
11. c3 b5 12. Qc2 Bg4 13. Ne5 Nxe5 14. Rxe5 Bd6 15. Re1 Qf6 16. a4 b4 17. Be3 b3 18. Qd2 Rfe8 19. Bg5 Qg6 20. h3 Bxh3
21. gxh3 f6 22. Bg2 Qxg5 23. Qxg5 fxg5 24. Bxd5+ Kf8 25. Bxa8 Rxa8 26. Re6 Bf4 27. Rae1 Bd2 28. R1e2 Bc1 29. Rc6 Re8 30. Rxe8+ Kxe8
31. Rxc4 Bxb2 32. Rb4 Bxc3 33. Rxb3 Bxd4 34. Kg2 Kd7 35. f3 Kc6 36. Rb5 Bc5 37. Kg3 h5 38. h4 a6 39. Rb3 Bd6+ 40. Kh3 Be7
41. hxg5 Bxg5 42. Kg3 Bf6 43. Kf4 h4 44. Kg4 Bd8 45. f4 a5 46. Kf5 Kc5 47. Kg6 Bf6 48. Rb5+ Kd4 49. Kf5 h3 50. Kg4 h2
51. Rh5 Kc3 52. Rxh2 Kb4 53. Rh1 Kxa4 54. Rb1 Ka3 55. Rb7 a4 56. Kf3 Ka2 57. Ke4 a3 58. Kf5 Bb2 59. Kg6 Kb1 60. Rb3 a2
0-1

[Event "Agarr's SC Free for All 3"]
[Site "SchemingMind.com"]
[Date "2006.08.09"]
[Round "-"]
[White "banong"]
[Black "Estebandido"]
[Result "0-1"]
[WhiteCountry "PHI"]
[BlackCountry "CHI"]
[WhiteElo "1632"]
[WhiteRD "64"]
[BlackElo "1816"]
[BlackRD "113"]
[GameID "62468"]

1. e4 c5 2. Nf3 Nc6 3. Bc4 e6 4. O-O Nf6 5. Re1 d5 6. exd5 Nxd5 7. d3 Be7 8. Nc3 Nxc3 9. bxc3 O-O 10. Bb2 b6
11. Bb3 Bf6 12. Rb1 Bb7 13. Qd2 Qd6 14. Re2 Ne5 15. Nxe5 Bxe5 16. h3 Bf4 17. Qe1 Rfd8 18. f3 Bh2+ 19. Kh1 Bg3 20. Qd2 a5
21. h4 Bxh4 22. c4 a4 23. Bxa4 Rxa4 24. Qc3 Bf6 25. Qb3 Rb4 26. Qa3 Ra8 27. Qxb4 cxb4 28. Bxf6 gxf6 29. Kg1 Rxa2
0-1

[Event "Agarr's SC Free for All 3"]
[Site "SchemingMind.com"]
[Date "2006.08.06"]
[Round "-"]
[White "agarr"]
[Black "Estebandido"]
[Result "0-1"]
[WhiteCountry "RUS"]
[BlackCountry "CHI"]
[WhiteElo "1697"]
[WhiteRD "67"]
[BlackElo "1816"]
[BlackRD "113"]
[GameID "62469"]

1. e4 c5 2. Bc4 e6 3. Nc3 Nc6 4. Nf3 Bd6 5. d3 Nf6 6. O-O O-O 7. Bg5 h6 8. Bh4 Ne5 9. Nxe5 Bxe5 10. f4 Bd4+
11. Kh1 d5 12. exd5 exd5 13. Nxd5 Bxb2 14. Rb1 Qd6 15. Nc7 Qxc7 16. Rxb2 Qc6 17. Qf3 Qxf3 18. Rxf3 Re8 19. h3 Nd7 20. Rb1 Nb6
21. Bb3 Re2 22. f5 Kf8 23. a4 f6 24. Rbf1 a5 25. g4 Bd7 26. g5 hxg5 27. Bg3 Nxa4 28. Bd6+ Ke8 29. h4 Nc3 30. hxg5 Bc6
31. gxf6 Bxf3+ 32. Rxf3 gxf6 33. Rg3 Kd7 34. Bxc5 a4 35. Bc4 Rxc2 36. Rg7+ Kc6 37. Bd4 Rh8+ 38. Kg1 Ne2+
0-1

[Event "Agarr's SC Free for All 3"]
[Site "SchemingMind.com"]
[Date "2006.08.05"]
[Round "-"]
[White "clockwork"]
[Black "Estebandido"]
[Result "0-1"]
[WhiteCountry "CAN"]
[BlackCountry "CHI"]
[WhiteElo "1329"]
[WhiteRD "75"]
[BlackElo "1816"]
[BlackRD "113"]
[GameID "62470"]

1. f4 Nf6 2. Nc3 Nc6 3. Nf3 d5 4. d4 g6 5. e3 Bg7 6. Bb5 O-O 7. O-O Bd7 8. Bd3 a6 9. Ne5 b5 10. Ng4 Bxg4
11. Qe1 Nb4 12. Be2 Nxc2 13. Qd1 Nxa1 14. Bxg4 b4 15. Ne2 Nxg4 16. Bd2 b3 17. Qxa1 bxa2 18. Qxa2 e6 19. Ng3 Qh4 20. Rf3 Nxh2
21. Nf5 Nxf3+ 22. gxf3 gxf5 23. Qb1 Qg3+ 24. Kf1 Qxf3+ 25. Kg1 Qe2 26. Qc1 Rab8 27. b4 h5 28. Qc2 Kh7 29. Qc3 Rg8 30. Kh1 Bxd4
31. Qxd4 Qg2#
0-1

[Event "Agarr's SC Free for All 3"]
[Site "SchemingMind.com"]
[Date "2006.08.05"]
[Round "-"]
[White "MatdeInverses"]
[Black "Estebandido"]
[Result "0-1"]
[WhiteCountry "USA"]
[BlackCountry "CHI"]
[WhiteElo "1871"]
[WhiteRD "53"]
[BlackElo "1942"]
[BlackRD "103"]
[GameID "62471"]

1. d4 Nf6 2. Nc3 d5 3. Bg5 e6 4. f3 Be7 5. e4 h6 6. Be3 O-O 7. Qd2 dxe4 8. O-O-O Bb4 9. a3 Ba5 10. Nge2 Nc6
11. Bxh6 Bxc3 12. Nxc3 gxh6 13. Qxh6 Nd5 14. Nxe4 f5 15. Ng5 Qe7 16. c4 Rf6 17. Qh4 Ne3 18. Re1 f4 19. Bd3 Rf7
0-1

[Event "Agarr's SC Free for All 3"]
[Site "SchemingMind.com"]
[Date "2006.08.05"]
[Round "-"]
[White "Dane"]
[Black "Estebandido"]
[Result "0-1"]
[WhiteCountry "CRO"]
[BlackCountry "CHI"]
[WhiteElo "1474"]
[WhiteRD "79"]
[BlackElo "1816"]
[BlackRD "113"]
[GameID "62472"]

1. e4 c6 2. d4 d5 3. exd5 cxd5 4. Nc3 Nc6 5. Bb5 Bd7 6. Nxd5 a6 7. Ba4 Rc8 8. Nf3 b5 9. Bb3 Bg4 10. Qd3 e6
11. Nf4 Bxf3 12. Qxf3 Nxd4 13. Qh5 Nxc2+ 14. Bxc2 Rxc2 15. O-O g6 16. Qe5 Nf6 17. Be3 Bd6 18. Qd4 Rc4 19. Qd2 Ne4 20. Qe2 Qf6
21. g3 O-O 22. b3 Rc6 23. Qd3 Ng5 24. Kg2 e5 25. Nd5 Qf3+
0-1

[Event "Agarr's SC Free for All 3"]
[Site "SchemingMind.com"]
[Date "2006.08.05"]
[Round "-"]
[White "No Limit"]
[Black "Estebandido"]
[Result "0-1"]
[WhiteCountry "USA"]
[BlackCountry "CHI"]
[WhiteElo "1268"]
[WhiteRD "86"]
[BlackElo "1945"]
[BlackRD "107"]
[GameID "62473"]

1. e4 c5 2. Nf3 d6 3. d4 cxd4 4. Nxd4 e5 5. Bb5+ Bd7 6. Bxd7+ Qxd7 7. Nf5 Nf6 8. Nc3 g6 9. Nh6 Qe6 10. O-O Nbd7
11. Qe2 O-O-O 12. Qe3 Bxh6 13. Qxh6 d5 14. Qe3 d4 15. Qd3 dxc3 16. Qxc3+ Kb8 17. b3 Nxe4 18. Qe3 f5 19. Bb2 Rhe8 20. Qh6 Ndf6
21. f3 Qb6+ 22. Kh1 Nf2+
0-1

[Event "Agarr's SC Free for All 3"]
[Site "SchemingMind.com"]
[Date "2006.08.05"]
[Round "-"]
[White "JohnRees"]
[Black "Estebandido"]
[Result "0-1"]
[WhiteCountry "WLS"]
[BlackCountry "CHI"]
[WhiteElo "1347"]
[WhiteRD "93"]
[BlackElo "1816"]
[BlackRD "113"]
[GameID "62474"]

1. e4 c5 2. Nc3 Nc6 3. Nf3 d6 4. Bb5 Bd7 5. O-O Nf6 6. d4 a6 7. Bc4 b5 8. Be2 cxd4 9. Nxd4 Nxd4 10. Qxd4 e5
11. Qe3 Be7 12. Nd5 Nxd5 13. exd5 Rc8 14. c3 O-O 15. Qe4 f5 16. Qe3 f4 17. Qa7 Ra8 18. Qb7 Rf5 19. g4 fxg3 20. hxg3 Be8
21. Be3 Bf7 22. Rac1 e4 23. c4 bxc4 24. Rxc4 Bxd5 25. Qb4 Bxc4 26. Qxc4+ d5 27. Qc3 Rc8 28. Qd4 Bc5 29. Qa4 Bxe3 30. fxe3 Rxf1+
31. Bxf1 Qg5 32. Qd7 Qxg3+ 33. Kh1 Qf3+ 34. Kg1 Qxe3+ 35. Kh1 Qf3+ 36. Kg1 Rf8 37. Qxd5+ Kh8 38. Bg2 Qf2+ 39. Kh2 e3
0-1